banner-ar

فلسفة الخير / (Record no. 43566)

MARC details
000 -الفاتح
حقل البيانات ثابتة الطول 00465nam a2200169Ia 4500
008 - عناصر البيانات ثابتة الطول - معلومات عامة
حقل البيانات ثابتة الطول 140319s9999 xx 000 0 ara d
040 ## - مصدر الفهرسة
وكالة الفهرسة الأصلية GCL /
وكالة النسخ GCL
082 04 - رقم تصنيف ديوى العشرى
رقم التصنيف 111.84
رقم المادة د ف
100 1# - المدخل الرئيسى - إسم شخصى
الإسم الشخصى دكنسون، لويز
245 10 - بيان العنوان
العنوان فلسفة الخير /
بيان المسئوليه,etc دكنسون، لويز
700 1# - المدخل الاضافى - اسم شخصى
الإسم الشخصى رمزى حليم يس
300 ## - الوصف المادى
التعداد 267
490 ## - بيان السلسلة
عنوان السلسلة الالف كتاب
رقم المجلد/ التعيين التسلسلي 0
650 04 - المدخل الاضافى بالموضوع-مصطلح موضوعى
مصطلح موضوعي الفلسفة , الخير والشر
942 ## - عناصر المدخل الإضافي( كوها)
مصدر التصنيف او مخطط الترفيف Dewey Decimal Classification
Koha [default] item type كتاب
Holdings
حالة التراجع حالة الفقد حالة تلف ليس للاعارة المكان المؤقت الموقع الحالى تاريخ الاكتساب اجمالي اﻻعارات رقم الطلب الباركود تاريخ اخر مشاهدة تاريخ تفعيل السعر نوع وعاء كوها
        مكتبة القاهرة الكبرى مكتبة القاهرة الكبرى 03/26/2014   111.84\د ف 105509 03/26/2014 03/26/2014 كتاب

Powered By

EGPV